| 000 | 01090nam a22003257a 4500 | ||
|---|---|---|---|
| 003 | CHAP | ||
| 005 | 20220329140752.0 | ||
| 008 | 971013s1982 r 00010 d | ||
| 010 | _a57315 | ||
| 011 | _a58287 | ||
| 035 | _a62442 | ||
| 040 | _cCHAP | ||
| 090 | _aTesis | ||
| 100 | 0 | 0 |
_aSolórzano Vargas, Raúl. _9108503 |
| 245 | _aClasificación de hábitos de crecimiento en Phaseolus vulgaris L. | ||
| 260 |
_aChapingo, Méx. : _bEl autor, _c1982 |
||
| 300 |
_a72 h. _b; gráfs. |
||
| 502 | _aTesis (M.C. Esp. en Botánica) -- Colegio de Postgraduados. Centro de Botánica | ||
| 590 |
_aALEPH _b10 _c20130110 _lUCH01 _h1335 |
||
| 590 |
_aBATCH-UPD _b10 _c20130110 _lUCH01 _h0618 |
||
| 590 |
_aBATCH-UPD _b10 _c20130410 _lUCH01 _h0301 |
||
| 590 |
_aBATCH-UPD _b10 _c20130914 _lUCH01 _h1441 |
||
| 590 |
_aCONVERSION _b10 _c20130109 _lUCH01 _h1331 |
||
| 650 | 1 | 4 |
_aFrijol _xCrecimiento. _943356 |
| 901 | _aBK | ||
| 942 | _cFOLL | ||
| 949 |
_bBC _cTES _d-133831 _eTS1 _i62442 _si |
||
| 949 |
_bBC _cTES _d-133832 _eTS2 _fc.2 _i62442 _si |
||
| 949 |
_bBC _cTES _d33724000749743 _eTS2 _fc.3 _h19316 _i62442 _sb |
||
| 999 |
_c57315 _d57315 |
||